| 000 | 01142nam a22002777a 4500 | ||
|---|---|---|---|
| 999 |
_c2949 _d2949 |
||
| 003 | AR-CdUCM | ||
| 008 | 190305b ||||| |||| 00| 0 spa d | ||
| 040 |
_aMUNICIPALIDAD PROVINCIAL DEL CUSCO _cBIBLIOTECA MUNICIPAL DEL CUSCO |
||
| 082 |
_a303.483 / _bG939 |
||
| 100 |
_aGuevara Flores, Gustavo _910105 |
||
| 245 | _aAcuerdo para el desarrollo tecnológico nacional / | ||
| 260 |
_aLima : _bCóndor Graf : CONCYTEC, _c1989. |
||
| 300 |
_a197 paginas _c21 cm. |
||
| 505 | _aDesarrollo de la conferencia -- Discursos en la ceremonia de inauguración -- Tecnologías agrícolas para el sector rural tradicional de la sierra -- El esfuerzo tecnológico nacional -- Importación de tecnología intangible en el Perú... | ||
| 650 |
_aDesarrollo científico y tecnológico _910106 |
||
| 650 |
_aIndustrialización _91455 |
||
| 650 |
_aIngeniería industrial _910107 |
||
| 650 |
_aTecnología apropiada _910108 |
||
| 700 |
_aColtear, D. _910109 |
||
| 700 |
_aFlit, I. _910110 |
||
| 700 |
_aRamos, G. _910111 |
||
| 700 |
_aVega Centeno, M. _910112 |
||
| 700 |
_aVillaran de la Puente, F. _910113 |
||
| 942 |
_2ddc _cLIBROS |
||
| 945 | _awnts | ||